| 000 | 01294nam a2200349 i 4500 | ||
|---|---|---|---|
| 999 |
_c65649 _d65649 |
||
| 001 | 768714001 | ||
| 003 | CO-MdFUSB | ||
| 005 | 20200625191445.0 | ||
| 007 | ta | ||
| 008 | 200404b ||||| |||| 00| 0 eng d | ||
| 020 | _a9780913573945 | ||
| 040 |
_aCO-MdFUSB _bspa _cCO-MdFUSB _dCO-MdFUSBC _erda |
||
| 041 | _aeng | ||
| 082 |
_223 _a225.48 _bW524 |
||
| 100 |
_aWestcott, Brooke. _eautor |
||
| 245 |
_aIntroduction to the New Testament in the original greek _c/ Brooke Foss Westcott , Fenton John Anthony Hort |
||
| 264 | 1 |
_aEstados Unidos : _bHendrickson Publishers, _c[1988] |
|
| 264 | 4 | _c © 1988 | |
| 300 |
_a188 páginas _c; 19 cm |
||
| 336 |
_2rdacontent _atexto _btxt |
||
| 337 |
_2rdamedia _asin mediación _bn |
||
| 338 |
_2rdacarrier _avolumen _bnc |
||
| 500 | _aColección Dawn Christina Harrell | ||
| 505 | _aLa necesidad de crítica para el texto del Nuevo Testamento. -- Los métodos de crítica textual. --Aplicación de los principios de crítica al texto del Nuevo Testamento.-- Naturaleza y detalles de esta edición. | ||
| 563 | _aRústico | ||
| 630 | 0 | 7 |
_aBiblia. _pNuevo Testamento _vIntroducción. |
| 653 | _aGriego Koiné | ||
| 700 |
_93273 _aHort, Fenton John Anthony _eautor |
||
| 942 | _cBK | ||
| 945 |
_aJTF-925 _bAEM-53 |
||